[Event "Cheboksary Sergievskiy Memorial Rapid"]
[Site "Cheboksary"]
[Date "2016.04.11"]
[Round "4"]
[White "Khismatullin, Denis Rimovich"]
[Black "Evdokimov, Alexander A"]
[Result "1-0"]
[WhiteElo "2609"]
[BlackElo "2503"]
[PlyCount "63"]
[EventDate "2016.04.11"]
[EventType "swiss (rapid)"]
[EventRounds "11"]
[EventCountry "RUS"]
[SourceTitle "CBM 171 Extra"]
[Source "ChessBase"]
[SourceDate "2016.04.26"]
[SourceVersion "1"]
[SourceVersionDate "2016.04.26"]
[SourceQuality "1"]

1. b3 c5 2. Bb2 d5 3. e3 a6 4. Nf3 Nc6 5. d4 Nf6 6. Be2 Bg4 7. O-O e6 8. Nbd2 Be7 9. dxc5 Bxc5 10. a3 O-O 11. b4 Be7 $146 ({RR} 11... Ba7 12. c4 Qe7 13. h3 Bh5 14. Rc1 Rfd8 15. Ne5 Nxe5 16. Bxe5 Bxe2 17. Qxe2 dxc4 18. Nxc4 Rac8 19. Qf3 Nd5 20. Nd6 Rxc1 21. Rxc1 f6 22. Nc8 Qd7 23. Nxa7 fxe5 24. Qe4 b5 25. Nc6 Rc8 26. Qc2 {Van Foreest,J (2697)-Sarana,A (2685) chess.com INT 2023 0-1 (40)}) ({RR} 11... Ba7 12. c4 Qe7 13. Qb3 dxc4 14. Qxc4 Bh5 15. Qh4 Bg6 16. Rac1 Rac8 17. Nc4 Bb8 18. Nfe5 Nxe5 19. Nxe5 Rfd8 20. Bf3 Bxe5 21. Bxe5 Bc2 22. Bxf6 gxf6 23. Rxc2 {1-0 (23) Stefanova,A (2512)-Omar,N (2369) Caleta 2017}) 12. c4 dxc4 13. Nxc4 Qxd1 14. Rfxd1 Nd5 15. Rac1 Rfd8 16. h3 Bh5 17. g4 Bg6 18. Nd4 Nxd4 19. Bxd4 f6 20. Bf3 Rac8 21. Na5 Rxc1 22. Rxc1 Rd7 23. Rc8+ Kf7 24. Rb8 b5 25. Ra8 Nc7 26. Ra7 Bd6 27. Bc6 Re7 28. Nb7 Be5 29. Bc5 h5 30. f4 Bb2 31. Nd8+ Kf8 32. Rxc7 1-0

[Event "Cheboksary Sergievskiy Memorial Rapid"]
[Site "Cheboksary"]
[Date "2016.04.12"]
[Round "5"]
[White "Morozevich, Alexander"]
[Black "Aleksandrov, Aleksej"]
[Result "1-0"]
[WhiteElo "2683"]
[BlackElo "2586"]
[PlyCount "71"]
[EventDate "2016.04.11"]
[EventType "swiss (rapid)"]
[EventRounds "11"]
[EventCountry "RUS"]
[SourceTitle "CBM 171 Extra"]
[Source "ChessBase"]
[SourceDate "2016.04.26"]
[SourceVersion "1"]
[SourceVersionDate "2016.04.26"]
[SourceQuality "1"]

1. g3 Nf6 2. Bg2 d5 3. Nf3 c6 4. d3 Bg4 5. h3 Bh5 6. O-O Nbd7 7. Nbd2 e5 8. e4 dxe4 9. dxe4 ({RR} 9. Nxe4 Nxe4 10. dxe4 {½-½ (10) Kruppa,Y (2540)-Timoshenko,G (2560) Ubeda 1998}) 9... Qc7 10. Qe2 Nc5 ({RR} 10... Be7 11. a4 O-O 12. Nc4 Rfe8 13. Bd2 Bc5 14. b4 Bf8 15. Bc3 Bxf3 16. Bxf3 Nb6 17. Ne3 Rad8 18. a5 Nc8 19. Rad1 Nd6 20. Ng4 Nxg4 21. Bxg4 Nb5 22. Qe3 g6 23. Be2 a6 24. Bxb5 cxb5 25. Rd3 {Kappeler,K (2113)-Koksal,E (2316) chess.com INT 2024 0-1 (51)}) 11. b3 Ne6 $146 ({RR} 11... Nfd7 12. Bb2 Be7 13. a4 O-O 14. Nc4 f6 15. Rfd1 Rfd8 16. h4 Nf8 17. a5 Rxd1+ 18. Rxd1 Rd8 19. Rxd8 Qxd8 20. Qe1 Nfe6 21. Bc3 b5 22. axb6 axb6 23. Ncd2 Qa8 24. Qa1 Qxa1+ 25. Bxa1 b5 26. Bb2 {Skalski,M (2448)-Mastrovasilis,D (2572) Warsaw 2008 0-1 (58)}) 12. Bb2 Nd7 13. h4 f6 14. Bh3 Bf7 15. Nc4 Bc5 16. Rad1 O-O-O 17. a4 Rhe8 18. a5 Nef8 19. c3 Be6 20. Bxe6 Nxe6 21. b4 Bf8 22. Bc1 Kb8 23. Be3 Be7 24. Rb1 g6 25. Rfd1 Ndf8 26. Nfd2 f5 27. exf5 gxf5 28. Bb6 axb6 29. axb6 Qd7 30. Qxe5+ Bd6 31. Qa5 Nf4 32. Nf3 Nd5 33. Nxd6 Qxd6 34. c4 f4 35. cxd5 fxg3 36. dxc6 1-0

[Event "Cheboksary Sergievskiy Memorial Rapid"]
[Site "Cheboksary"]
[Date "2016.04.12"]
[Round "8"]
[White "Khismatullin, Denis Rimovich"]
[Black "Aleksandrov, Aleksej"]
[Result "1-0"]
[WhiteElo "2609"]
[BlackElo "2586"]
[PlyCount "99"]
[EventDate "2016.04.11"]
[EventType "swiss (rapid)"]
[EventRounds "11"]
[EventCountry "RUS"]
[SourceTitle "CBM 171 Extra"]
[Source "ChessBase"]
[SourceDate "2016.04.26"]
[SourceVersion "1"]
[SourceVersionDate "2016.04.26"]
[SourceQuality "1"]

1. Nf3 Nf6 2. g3 b5 3. Bg2 Bb7 4. O-O e6 5. d3 c5 6. e4 d6 7. a4 b4 8. e5 dxe5 9. Nxe5 Bxg2 ({RR} 9... Qc8 10. Re1 Be7 11. Nd2 Nc6 12. Nxc6 Bxc6 13. Bxc6+ Qxc6 14. Qf3 Nd5 15. Nc4 O-O 16. h4 Rad8 17. Bg5 Qc7 18. Kg2 h6 19. Bxe7 Nxe7 20. Re4 Nf5 21. c3 bxc3 22. bxc3 Rd7 23. Ne5 Rd5 24. Rae1 {Triapishko,A (2474)-Oparin,G (2660) chess.com INT 2025 0-1}) 10. Kxg2 Qd5+ 11. Qf3 Qxf3+ 12. Nxf3 $146 ({RR} 12. Kxf3 Nfd7 13. Nxd7 Nxd7 14. Bf4 Be7 15. Nd2 O-O 16. a5 Rfc8 17. Nc4 f6 18. Kg2 Rc6 19. Rfe1 e5 20. Bd2 Bd8 21. f4 Bc7 22. Re2 Re6 23. Rae1 Rae8 24. c3 bxc3 25. Bxc3 Kf7 26. f5 Rc6 {Niermann,M (2280)-Erkay,A Germany 1996 1-0 (66)}) 12... Nc6 13. Nbd2 Be7 14. Nc4 O-O 15. Re1 Rfd8 16. Be3 Rac8 17. Nfd2 Nd5 18. a5 Nc7 19. a6 Nb5 20. Nb3 Nbd4 21. Bxd4 Nxd4 22. Nxd4 Rxd4 23. Ra5 Rb8 24. Nd2 Rd5 25. Nb3 Kf8 26. Re4 Ke8 27. Rc4 Kd7 28. Nxc5+ Bxc5 29. Rcxc5 Rxc5 30. Rxc5 Rb6 31. Rc4 b3 32. c3 Rxa6 33. Rb4 Rb6 34. Ra4 a6 35. Kf3 e5 36. Ra5 Ke6 37. Ke3 f5 38. h4 Kf6 39. c4 g6 40. f4 exf4+ 41. gxf4 h6 42. d4 g5 43. hxg5+ hxg5 44. d5 g4 45. c5 Rb4 46. Rxa6+ Ke7 47. d6+ Ke6 48. Ra7 Rc4 49. Re7+ Kf6 50. Re8 1-0

[Event "Dubai op 18th"]
[Site "Dubai"]
[Date "2016.04.13"]
[Round "3"]
[White "Howell, David"]
[Black "Can, Emre"]
[Result "1-0"]
[WhiteElo "2678"]
[BlackElo "2555"]
[PlyCount "59"]
[EventDate "2016.04.11"]
[EventType "swiss"]
[EventRounds "9"]
[EventCountry "UAE"]
[SourceTitle "CBM 172 Extra"]
[Source "ChessBase"]
[SourceDate "2016.06.21"]
[SourceVersion "1"]
[SourceVersionDate "2016.06.21"]
[SourceQuality "1"]

1. Nf3 d5 2. c4 d4 3. b4 g6 4. d3 Bg7 5. g3 e5 6. Bg2 Ne7 7. O-O O-O 8. a4 Nbc6 ({RR} 8... a5 9. b5 c5 10. Nbd2 Ra7 11. Ra3 b6 12. e3 h6 13. exd4 exd4 14. Re1 Nf5 15. Ra2 Nd6 16. Ne4 Nxe4 17. Rxe4 Bf5 18. Re1 Re8 19. Rxe8+ Qxe8 20. Re2 Re7 21. Rxe7 Qxe7 22. Nh4 Bc8 23. Bf4 {Fressinet,L (2717)-Le,Q (2712) Dubai 2014 ½-½ (43)}) ({RR} 8... a5 9. b5 Nd7 10. Ba3 Rb8 11. Ra2 b6 12. e3 Nc5 13. exd4 exd4 14. Re2 Bf5 15. Bxc5 bxc5 16. Rfe1 Nc8 17. Nh4 Be6 18. Nd2 Nd6 19. Nb3 Bg4 20. Bf3 Bxf3 21. Nxf3 Qf6 22. Kg2 Qf5 23. Ne5 {Fantinel,T (2419)-Sabatier,M (2211) chess.com INT 2025 1-0 (39)}) 9. b5 Nb4 10. a5 $146 ({RR} 10. Ba3 a5 11. bxa6 Nxa6 12. Nbd2 Bd7 13. a5 Bc6 14. Qb3 Qd7 15. Ne1 Rfe8 16. Rb1 Bxg2 17. Kxg2 Nc6 18. Qb5 Nab8 19. Nb3 b6 20. Bb4 Nxb4 21. Qxb4 Nc6 22. Qb5 Reb8 23. axb6 Rxb6 24. Qd5 Qxd5+ {Mohr,G (2488)-Svidler,P (2672) ICC INT 2000 0-1 (59)}) 10... a6 11. Ba3 c5 12. bxc6 Nbxc6 13. Nbd2 Bf5 14. Qa4 Re8 15. Rfb1 Qc7 16. Bc5 h6 17. Ra2 Rab8 18. Ne1 Bg4 19. Qa3 Nc8 20. h3 Be6 21. Nc2 Qd7 22. Kh2 f5 23. Nb4 N8e7 24. Rab2 Bf8 25. Nxc6 Nxc6 26. Rb6 Nd8 27. Bxf8 Rxf8 28. Qc5 Qg7 29. Nf3 Nc6 30. Nxe5 1-0

[Event "Dubai op 18th"]
[Site "Dubai"]
[Date "2016.04.16"]
[Round "6"]
[White "Pantsulaia, Levan"]
[Black "Howell, David"]
[Result "1-0"]
[WhiteElo "2604"]
[BlackElo "2678"]
[PlyCount "136"]
[EventDate "2016.04.11"]
[EventType "swiss"]
[EventRounds "9"]
[EventCountry "UAE"]
[SourceTitle "CBM 172 Extra"]
[Source "ChessBase"]
[SourceDate "2016.06.21"]
[SourceVersion "1"]
[SourceVersionDate "2016.06.21"]
[SourceQuality "1"]

1. Nf3 d5 2. g3 g6 3. Bg2 Bg7 4. O-O e5 5. d3 Ne7 6. e4 O-O 7. Nbd2 c5 8. exd5 Nxd5 9. c3 Nc6 10. Nc4 h6 11. Nfd2 Be6 12. a4 Qc7 13. Re1 Rad8 14. a5 Rfe8 15. Qa4 f5 16. Nb3 $146 ({RR} 16. Qb5 Bf8 17. Nb3 a6 18. Qa4 Bf7 19. Be3 Nxe3 20. Rxe3 f4 21. gxf4 exf4 22. Rxe8 Bxe8 23. Nc1 Qe7 24. Qd1 Qg5 25. Qf3 Bf7 26. Nd2 Ne5 27. Qh3 Bd5 28. Kf1 Bxg2+ 29. Qxg2 Qh5 30. f3 Be7 {Nureev,G (2355)-Evelev,V (2220) Moscow 1998 0-1 (60)}) 16... Bf8 17. Be3 Nxe3 18. Rxe3 Bd7 19. Qa2 Be6 20. Qa4 Bd7 21. Qa2 Be6 22. Bxc6 Qxc6 23. Nxe5 Qd6 24. Nxg6 Bf7 25. Nf4 Rxe3 26. fxe3 Qc6 27. c4 Bd6 28. Nd5 Bxd5 29. cxd5 Qxd5 30. Nc1 c4 31. Qxc4 Qxc4 32. dxc4 Bc5 33. Kf2 Re8 34. Nd3 Bxe3+ 35. Kf1 Rd8 36. Ra3 Rd4 37. c5 Rc4 38. Rb3 Bxc5 39. Rxb7 Bd4 40. Rd7 Ra4 41. b4 Bc3 42. Rxa7 Bxb4 43. Nxb4 Rxb4 44. a6 Ra4 45. Ke2 Kf8 46. Kd3 Ke8 47. Kc3 Kd8 48. Kb3 Ra1 49. Kc4 Kc8 50. Kb5 Rb1+ 51. Kc6 Rc1+ 52. Kd6 Kb8 53. Rb7+ Ka8 54. Rh7 Ra1 55. Ke5 Ra5+ 56. Kf4 Rxa6 57. Kxf5 Kb8 58. Rg7 Kc8 59. Rg6 Ra5+ 60. Kg4 h5+ 61. Kh4 Kd7 62. Rg5 Ra2 63. h3 Ke6 64. Kxh5 Kf6 65. g4 Ra8 66. Rf5+ Ke6 67. h4 Rg8 68. Rf3 Kd5 1-0

[Event "Dubai op 18th"]
[Site "Dubai"]
[Date "2016.04.18"]
[Round "8"]
[White "Pantsulaia, Levan"]
[Black "Sethuraman, SP."]
[Result "1-0"]
[WhiteElo "2604"]
[BlackElo "2658"]
[PlyCount "65"]
[EventDate "2016.04.11"]
[EventType "swiss"]
[EventRounds "9"]
[EventCountry "UAE"]
[SourceTitle "CBM 172 Extra"]
[Source "ChessBase"]
[SourceDate "2016.06.21"]
[SourceVersion "1"]
[SourceVersionDate "2016.06.21"]
[SourceQuality "1"]

1. Nf3 d5 2. g3 g6 3. Bg2 Bg7 4. O-O e5 5. d3 Ne7 6. e4 O-O 7. Nbd2 c5 ({RR} 7... h6 8. Re1 dxe4 9. dxe4 Be6 10. Qe2 Nd7 11. Nc4 Nc6 12. c3 Nc5 13. Bf1 b5 14. Na3 a6 15. Qc2 f5 16. exf5 Bxf5 17. Qe2 Nd3 18. Rd1 e4 19. Nh4 Qf6 20. Bg2 Rae8 21. Nxf5 gxf5 22. Nc2 {Movsesian,S (2710)-Erdos,V (2623) Warsaw 2011 ½-½ (41)}) 8. c3 Nbc6 ({RR} 8... d4 9. cxd4 cxd4 10. a3 Nbc6 11. b4 b5 12. Nb3 a5 13. Bd2 axb4 14. axb4 Rxa1 15. Qxa1 h6 16. Rc1 g5 17. h4 g4 18. Ne1 Kh7 19. Qa8 Qb6 20. Nc5 Rd8 21. Ra1 Bf8 22. Qa2 Kg8 23. Qc2 {Pantsulaia,L (2553)-Nakamura,H (2736) Chess.com INT 2020 0-1}) 9. Qb3 ({RR} 9. Re1 h6 10. a4 Be6 11. a5 Re8 12. exd5 Nxd5 13. Nc4 Qc7 14. Qa4 Rad8 15. Nfd2 f5 16. Qb5 Bf8 17. Nf3 Bf7 18. Bd2 Nf6 19. Re2 a6 20. Qa4 Rxd3 21. Ne1 Rdd8 22. Bxc6 bxc6 23. Nf3 e4 {Gubajdullin,A (2238)-Ventura Bolet,M (2246) chess.com INT 2024 0-1 (45)}) 9... d4 10. Nc4 $146 ({RR} 10. cxd4 Nxd4 11. Nxd4 Qxd4 12. Nc4 b6 13. Be3 Qd8 14. f4 Be6 15. Rad1 f6 16. fxe5 fxe5 17. Bh3 Bxh3 18. Nd6+ Kh8 19. Rxf8+ Qxf8 20. Nf7+ Kg8 21. Nxe5+ Kh8 22. Nf7+ Kg8 23. Ng5+ Kh8 24. Nxh3 Qf3 {Movsziszian,K (2528)-Vijayalakshmi,S (2359) Oslo 2018 1-0 (45)}) 10... Bg4 11. h3 Be6 12. cxd4 exd4 13. Ng5 Bc8 14. e5 Nxe5 15. Nxe5 Bxe5 16. Re1 Qc7 17. Bd2 h6 18. Ne4 Be6 19. Qa3 b6 20. Bxh6 Rfe8 21. Rac1 Rac8 22. b4 cxb4 23. Qxb4 Qd7 24. Rxc8 Rxc8 25. Ng5 Bd6 26. Qd2 Bd5 27. Ne4 Bxe4 28. Rxe4 Nf5 29. Bg5 Re8 30. h4 Kg7 31. Bh3 Qb5 32. Bxf5 gxf5 33. Bf6+ 1-0

[Event "CHN-chT"]
[Site "China"]
[Date "2016.09.23"]
[Round "12.6"]
[White "Ding, Liren"]
[Black "Zhang, Zhong"]
[Result "1-0"]
[WhiteElo "2777"]
[BlackElo "2634"]
[PlyCount "73"]
[EventDate "2016.04.12"]
[EventType "team-tourn"]
[EventRounds "22"]
[EventCountry "CHN"]
[SourceTitle "EXT 2017"]
[Source "ChessBase"]
[SourceDate "2016.10.25"]
[SourceVersion "1"]
[SourceVersionDate "2016.10.25"]
[SourceQuality "1"]
[WhiteTeam "Zhejiang"]
[BlackTeam "Beijing"]
[WhiteTeamCountry "CHN"]
[BlackTeamCountry "CHN"]

1. Nf3 f5 2. d3 Nf6 3. e4 d6 4. Nc3 Nc6 5. exf5 Bxf5 6. d4 Nb4 7. Bb5+ c6 8. Ba4 g6 9. O-O Bg7 10. Ne2 $146 ({RR} 10. Bb3 d5 11. Ne2 O-O 12. Ng3 Bg4 13. h3 Bxf3 14. Qxf3 Nh5 15. Qg4 Nxg3 16. Qxg3 Qd6 17. Qxd6 exd6 18. Rd1 Na6 19. c3 Nc7 20. Be3 Ne6 21. Re1 Rae8 22. Bc2 Bf6 23. g3 Re7 24. Kg2 Rfe8 {Jedynak,R (2394)-Kuziola,M (2296) Koszalin 2005 1-0}) ({RR} 10. a3 Nbd5 11. Nxd5 Nxd5 12. Bg5 O-O 13. Re1 h6 14. c4 Nf6 15. Bxf6 Bxf6 16. Bc2 Qd7 17. Bxf5 Qxf5 18. Qe2 Rae8 19. Qe6+ Kg7 20. Qxf5 gxf5 21. Re6 Kf7 22. Re2 Rb8 23. a4 Rg8 24. Ra3 Rg4 {Hernandez Delgado,G (1905)-Jimenez Fernandez,A (1984) Aragon 2016 ½-½}) 10... O-O 11. Ng3 Bd7 12. h3 b5 13. Bb3+ Nbd5 14. a4 b4 15. Re1 Kh8 16. Bg5 a5 17. Qd2 Ng8 18. Re4 Rf7 19. Rh4 Qf8 20. Re1 Re8 21. c4 bxc3 22. bxc3 Rxf3 23. gxf3 Qxf3 24. Bc2 Qf7 25. c4 Nb4 26. Bb1 Rf8 27. Ree4 Bf6 28. Re2 Qg7 29. Kh2 d5 30. c5 Bc8 31. f4 Qf7 32. f5 gxf5 33. Nh5 Bxg5 34. Qxg5 e6 35. Nf4 Qf6 36. Qh5 Rf7 37. Ng6+ 1-0

[Event "Norway Masters blitz 4th"]
[Site "Stavanger"]
[Date "2016.04.18"]
[Round "6"]
[White "Vachier Lagrave, Maxime"]
[Black "Eljanov, Pavel"]
[Result "1-0"]
[WhiteElo "2788"]
[BlackElo "2765"]
[PlyCount "71"]
[EventDate "2016.04.18"]
[EventType "tourn (blitz)"]
[EventRounds "9"]
[EventCountry "NOR"]
[EventCategory "21"]
[SourceTitle "CBM 171 Extra"]
[Source "ChessBase"]
[SourceDate "2016.04.26"]
[SourceVersion "1"]
[SourceVersionDate "2016.04.26"]
[SourceQuality "1"]

1. b3 d5 2. Bb2 Bf5 3. e3 e6 4. Nf3 Nf6 5. Be2 Be7 6. Nh4 Bg6 7. c4 c6 8. d3 Nbd7 9. Nd2 a5 10. a3 O-O 11. O-O Bd6 $146 ({RR} 11... Nc5 12. Nxg6 hxg6 13. Qc2 Bd6 14. Rfc1 Rc8 15. b4 axb4 16. axb4 Na6 17. c5 Bb8 18. Bxf6 Qxf6 19. d4 Nc7 20. f4 g5 21. Rf1 Ne8 22. Qd3 Qh6 23. g3 Nf6 24. b5 g6 25. Nf3 Ne4 26. b6 {Vachier Lagrave,M (2775)-Naroditsky,D (2622) Chess.com INT 2015 1-0 (51)}) 12. Nxg6 hxg6 13. Qc2 Qe7 14. d4 e5 15. dxe5 Nxe5 16. Nf3 Rfe8 17. Nxe5 Bxe5 18. Rfd1 Rad8 19. Bf3 dxc4 20. bxc4 Nd7 21. Bd4 Bd6 22. Qb2 Ne5 23. Be2 g5 24. h3 Rd7 25. Bb6 Ng6 26. Bxa5 Be5 27. Bc3 Red8 28. Rxd7 Rxd7 29. Bg4 Bxc3 30. Qxc3 Rd8 31. a4 Ne5 32. Be2 Qc5 33. a5 Rd7 34. g3 g6 35. a6 bxa6 36. Ra5 1-0